<?xml version="1.0" encoding="UTF-8"?>
<collection xmlns="http://www.loc.gov/MARC21/slim">
 <record>
  <leader>06158nam a2200373 a 4500</leader>
  <controlfield tag="001">kal1338</controlfield>
  <controlfield tag="003">Gr-AtHEAL</controlfield>
  <controlfield tag="005">20160427094303.0</controlfield>
  <controlfield tag="006">m        d        </controlfield>
  <controlfield tag="008">160413s2015    gr      s           gre|c</controlfield>
  <datafield tag="020" ind1=" " ind2=" ">
   <subfield code="a">9789606033933</subfield>
  </datafield>
  <datafield tag="040" ind1=" " ind2=" ">
   <subfield code="a">GR-AtHEAL</subfield>
   <subfield code="b">gre</subfield>
   <subfield code="c">GR-AtHEAL</subfield>
  </datafield>
  <datafield tag="082" ind1="0" ind2="4">
   <subfield code="a">006</subfield>
   <subfield code="2">23</subfield>
  </datafield>
  <datafield tag="100" ind1="1" ind2=" ">
   <subfield code="a">Στεφανιδάκης, Μιχαήλ.</subfield>
   <subfield code="8">616</subfield>
  </datafield>
  <datafield tag="245" ind1="1" ind2="0">
   <subfield code="a">Ανοικτά συνδεδεμένα δεδομένα και εφαρμογές</subfield>
   <subfield code="h">[Ηλεκτρονικός πόρος] </subfield>
   <subfield code="b">Μια πρακτική προσέγγιση στον σημασιολογικό ιστό</subfield>
   <subfield code="c">Στεφανιδάκης, Μιχαήλ ;  Παπαδάκης, Ιωάννης ; Ανδρόνικος, Θεόδωρος ; Κριτικός αναγνώστης,Πούλος, Μάριος ; Γλωσσική επιμέλεια,Ξιφαρά, Φωτεινή.</subfield>
  </datafield>
  <datafield tag="260" ind1=" " ind2=" ">
   <subfield code="a">Αθήνα :</subfield>
   <subfield code="b">Σύνδεσμος Ελληνικών Ακαδημαϊκών Βιβλιοθηκών,</subfield>
   <subfield code="c">c2015.</subfield>
  </datafield>
  <datafield tag="490" ind1=" " ind2=" ">
   <subfield code="a">Ακαδημαϊκά Ηλεκτρονικά Συγγράμματα και Βοηθήματα Κάλλιπος</subfield>
   <subfield code="8">40</subfield>
  </datafield>
  <datafield tag="520" ind1=" " ind2=" ">
   <subfield code="a">Στο βιβλίο αυτό γίνεται μια παρουσίαση των δομικών στοιχείων του κινήματος των Ανοικτών Συνδεδεμένων Δεδομένων (ΑΣΔ), της ιστορικής σχέσης των ΑΣΔ με τον Σημασιολογικό Ιστό και της θεμελιώδους αξίας των μεταδεδομένων για την κατασκευή ευέλικτων (&quot;ευφυών&quot;) εφαρμογών, οι οποίες προσαρμόζονται δυναμικά σε δεδομένα με άγνωστο εκ των προτέρων σχήμα. Ιδιαίτερη έμφαση δίνεται στα αναγνωριστικά URIs (Uniform Resource Identifiers) αλλά και στη χρήση των HTTP URIs στο πλαίσιο του Σημασιολογικού Ιστού και των ΑΣΔ. Προκειμένου οι αναγνώστες να έχουν μια ολοκληρωμένη εικόνα για το μοντέλο αναπαράστασης στο οποίο βασίζονται τα ΑΣΔ, παρουσιάζεται η μετάβαση από διαφορετικά μοντέλα οργάνωσης γνώσης (πληροφορίας), όπως η οργάνωση σε πίνακες και το σχεσιακό μοντέλο, στο μοντέλο γράφου σημασιολογικών τριάδων του Resource Description Framework (RDF). Σε επόμενο κεφάλαιο γίνεται περαιτέρω ανάπτυξη της χρήσης των URIs για τον συμβολισμό καλά ορισμένων εννοιών και διαχωρισμό των ομάδων δεδομένων μιας βάσης RDF με τη βοήθεια των επώνυμων γράφων. Στο πλαίσιο ανάπτυξης οντολογιών για χρήση από εφαρμογές ΑΣΔ, περιγράφονται τα πρότυπα για εξαγωγή νέας γνώσης μέσω συμπερασμού (reasoning) από υπάρχουσες βάσεις δεδομένων RDF. Ιδιαίτερο βάρος δίνεται στην πρακτική χρήση τους. Η ανάκτηση πληροφορίας σε μορφή ΑΣΔ βασίζεται σε δυο παραδοσιακές τεχνικές: Την πλοήγηση και την αναζήτηση. Στο βιβλίο αυτό παρουσιάζεται η πληροφορία του παγκόσμιου ιστού ως ένας ενιαίος γράφος συνδεδεμένων δεδομένων και παρατίθενται οι τεχνικές πλοήγησης των εφαρμογών (agents) σε αυτόν. Παράλληλα, αναφέρονται τυπικές υπηρεσίες αναζήτησης σε βάσεις δεδομένων RDF, κατ'αναλογία με τις υπηρεσίες αναζήτησης που απευθύνονται σε ανθρώπους-χρήστες. Το βιβλίο ολοκληρώνεται με την παρουσίαση επιλεγμένων τμημάτων λογισμικού για τη συγκρότηση, δημοσίευση, ανάκτηση και επεξεργασία δεδομένων ΑΣΔ και με την παράθεση ανοικτών ζητημάτων εφαρμογής των ΑΣΔ στο σύγχρονο περιβάλλον του παγκόσμιου ιστού.</subfield>
  </datafield>
  <datafield tag="650" ind1=" " ind2="0">
   <subfield code="a">Semantic web</subfield>
   <subfield code="8">2629</subfield>
  </datafield>
  <datafield tag="650" ind1=" " ind2="0">
   <subfield code="a">Information modeling</subfield>
   <subfield code="8">2630</subfield>
  </datafield>
  <datafield tag="653" ind1=" " ind2=" ">
   <subfield code="a">Συνδεδεμένα δεδομένα</subfield>
  </datafield>
  <datafield tag="653" ind1=" " ind2=" ">
   <subfield code="a">Ανοικτά συνδεδεμένα δεδομένα</subfield>
  </datafield>
  <datafield tag="653" ind1=" " ind2=" ">
   <subfield code="a">Σημασιολογικός ιστός</subfield>
  </datafield>
  <datafield tag="653" ind1=" " ind2=" ">
   <subfield code="a">Επιστήμη υπολογιστών/Πληροφορική</subfield>
   <subfield code="a">Ευφυή συστήματα</subfield>
   <subfield code="a">Βασική αναπαράσταση γνώσης και συλλογιστική</subfield>
  </datafield>
  <datafield tag="653" ind1=" " ind2=" ">
   <subfield code="a">Επιστήμη υπολογιστών/Πληροφορική</subfield>
   <subfield code="a">Διαχείριση πληροφορίας</subfield>
   <subfield code="a">Συστήματα βάσεων δεδομένων</subfield>
  </datafield>
  <datafield tag="653" ind1=" " ind2=" ">
   <subfield code="a">Τεχνολογία και επιστήμες μηχανικών</subfield>
   <subfield code="a">Μηχανική και τεχνολογία των τηλεπικοινωνιών</subfield>
   <subfield code="a">Τεχνολογίες παγκόσμιου ιστού</subfield>
  </datafield>
  <datafield tag="700" ind1="1" ind2=" ">
   <subfield code="a">Παπαδάκης, Ιωάννης</subfield>
   <subfield code="e">Συγγραφέας</subfield>
   <subfield code="8">617</subfield>
  </datafield>
  <datafield tag="700" ind1="1" ind2=" ">
   <subfield code="a">Ανδρόνικος, Θεόδωρος</subfield>
   <subfield code="e">Συγγραφέας</subfield>
   <subfield code="8">618</subfield>
  </datafield>
  <datafield tag="700" ind1="1" ind2=" ">
   <subfield code="a">Πούλος, Μάριος</subfield>
   <subfield code="e">Κριτικός αναγνώστης</subfield>
   <subfield code="8">619</subfield>
  </datafield>
  <datafield tag="856" ind1="4" ind2="0">
   <subfield code="u">http://hdl.handle.net/11419/1338</subfield>
   <subfield code="z">Πλήρες Κείμενο - Full text</subfield>
  </datafield>
  <datafield tag="907" ind1=" " ind2=" ">
   <subfield code="a">.b25678115</subfield>
   <subfield code="b">12-06-18</subfield>
   <subfield code="c">29-07-16</subfield>
  </datafield>
  <datafield tag="949" ind1=" " ind2=" ">
   <subfield code="0">0</subfield>
   <subfield code="1">0</subfield>
   <subfield code="2">ddc</subfield>
   <subfield code="4">0</subfield>
   <subfield code="6">006_000000000000000_ΣΤΕ</subfield>
   <subfield code="7">0</subfield>
   <subfield code="8">KALL</subfield>
   <subfield code="8">570</subfield>
   <subfield code="d">2016-04-13</subfield>
   <subfield code="r">2016-04-13</subfield>
   <subfield code="w">2016-04-13</subfield>
   <subfield code="z">006 ΣΤΕ</subfield>
   <subfield code="o">SEAB KALLIPOS</subfield>
  </datafield>
  <datafield tag="998" ind1=" " ind2=" ">
   <subfield code="a">80</subfield>
   <subfield code="a">01</subfield>
   <subfield code="a">02</subfield>
   <subfield code="a">03</subfield>
   <subfield code="a">04</subfield>
   <subfield code="a">05</subfield>
   <subfield code="a">06</subfield>
   <subfield code="a">07</subfield>
   <subfield code="a">08</subfield>
   <subfield code="a">09</subfield>
   <subfield code="a">10</subfield>
   <subfield code="a">11</subfield>
   <subfield code="a">12</subfield>
   <subfield code="a">13</subfield>
   <subfield code="a">14</subfield>
   <subfield code="a">15</subfield>
   <subfield code="a">16</subfield>
   <subfield code="a">17</subfield>
   <subfield code="a">18</subfield>
   <subfield code="a">19</subfield>
   <subfield code="a">20</subfield>
   <subfield code="a">21</subfield>
   <subfield code="a">22</subfield>
   <subfield code="a">23</subfield>
   <subfield code="a">24</subfield>
   <subfield code="a">25</subfield>
   <subfield code="a">26</subfield>
   <subfield code="b">11-05-17</subfield>
   <subfield code="c">m</subfield>
   <subfield code="d">z  </subfield>
   <subfield code="e">-</subfield>
   <subfield code="f">gre</subfield>
   <subfield code="g">gr </subfield>
   <subfield code="h">0</subfield>
  </datafield>
  <datafield tag="942" ind1=" " ind2=" ">
   <subfield code="2">ddc</subfield>
   <subfield code="c">KALLIPOS</subfield>
  </datafield>
 </record>
</collection>
